00262cam a22000977a 4500008004000000082001700040100001900057245004000076260003900116300000900155180718b2008 xxu||||| |||| 00| 0 eng d aBA27x54 B489 aAmbedker, B.R. aSuddron kee khoujcby B.R. Ambedker aNagpurbPrograsive Publisherc2008 a86p.